Former Advertising Slogans Quiz Stats

 Plays Quiz Updated Mar 17, 2015

Challenge
Share
Tweet
Embed
Score 0/32 Timer 05:00
0 Plays Today
Former Slogan Company % Correct
Finger Lickin' GoodKFC
81.7%
Life's A Sport. Drink It UpGatorade
78.4%
Where's the Beef?Wendy's
77.5%
Can You Hear Me Now? Good!Verizon Wireless
74.9%
Your Way, Right AwayBurger King
67.1%
Once You Pop, You Can't StopPringles
67%
The Way a Sandwich Should BeSubway
66.5%
Tap The RockiesCoors Light
66.1%
Run For the BorderTaco Bell
65%
Have You Had Your Break Today?McDonalds
64.7%
Like a RockChevrolet
63.7%
Built For The Road AheadFord Motor Company
57.6%
Strong Enough for a Man, But Made for a Woman. Secret Deodorant
52.9%
Reach Out And Touch SomeoneAT&T
50%
Grab Life By The HornsDodge
49%
Don't Leave Home Without ItAmerican Express
46.3%
Former Slogan Company % Correct
It's Everywhere You Want To BeVisa
46.2%
We're Looking For A Few Good MenUS Marines
44.3%
Wanna Get Away?Southwest Airlines
36.1%
Two For Me, None For YouTwix
30.4%
Generation NextPepsi
29.7%
Drivers WantedVolkswagen
26.1%
Gather 'Round The Good Stuff Pizza Hut
25.7%
The World On TimeFedEx
21%
Life Tastes GoodCoca-Cola
18.8%
The Power to Be Your Best Apple Computers
16.1%
The Mark of A ManOld Spice
15.7%
The Genuine ArticleBudweiser
15.5%
Get Your Own BoxCheez-It Crackers
15.3%
We Won't Make It 'til You Order ItJack in the Box
11.7%
Where Do You Want To Go Today?Microsoft
9.9%
Get More.T-Mobile
7.5%

You're not logged in!

Compare scores with friends on all Sporcle quizzes.
Join for Free
OR
Log In

You Might Also Like...

Show Comments

Extras

Top Quizzes Today


Score Distribution

Your Account Isn't Verified!

In order to create a playlist on Sporcle, you need to verify the email address you used during registration. Go to your Sporcle Settings to finish the process.

Report this User

Report this user for behavior that violates our Community Guidelines.

Details: